000 00790cam a2200205 4500
001 WB3638-19
008 000000n2000 000 0 eng u
035 _a(Sirsi) u108493
245 _aGovernment plans 'will fail'
260 _c2000
490 _aNegotiator
_v15(18) 22 September 2000, 4(1)
520 _aExperts believe that the government's commonhold and leasehold reform bill will fail to force rogue landlords out of the lettings market. Instead of a move towards commonhold, experts suggest that all parties should work together to successfully manage leasehold blocks.
590 _aWB
650 _aLETTINGS MARKET
650 _aCOMMONHOLD
650 _aLEASEHOLD REFORM
650 _aLEASEHOLD SYSTEM
690 _aLANDLORD AND TENANT-LEASEHOLD REFORM
942 _n0
999 _c64776
_d64776